000 00599nam a2200145Ia 4500
008 151213s9999 xx 000 0 und d
100 _aড. শ্যাম সুন্দুর কর্মকার।
245 _aব্র্র্যাবসায়িক যোগাযোগ ও সচিবের কর্মপ্রণালী।
_cড. শ্যাম সুন্দুর কর্মকার।
260 _aXvKv
_bwbcv
300 _a1405 p.
650 _aLaw
650 _aLaw
700 _aড. শ্যাম সুন্দুর কর্মকার।
999 _c1115
_d1115